000 00723nam a2200289Ia 4500
005 20260324123648.0
008 008 260324s9999 xx 000 0 eng d
020 _a9780203818046
037 _aEBOOK
040 _aCRL
040 _beng
040 _cCRL
041 _2eng
041 _aeng
084 _qCRL
100 _aJames L. Furrow; Brent A. Bradley; Susan M. Johnson
_91171167
245 4 _aThe Emotionally Focused Casebook
245 0 _bNew Directions in Treating Couples
260 _bTaylor and Francis
260 _c2011
365 _a
365 _b265
856 _uhttp://www.taylorfrancis.com/books/9780203818046
942 _cEBOOK
999 _c1764888
_d1764888